| 000 | 00618nam a22001937a 4500 | ||
|---|---|---|---|
| 005 | 20141204164506.0 | ||
| 010 | _aENG-111145 | ||
| 020 |
_c795.00 _a9789382420477 |
||
| 035 | _aEN-94677 | ||
| 037 | _bDBAD/PUB | ||
| 082 | _a230.35 | ||
| 245 |
_aDasanami Naga Sannyasi in worldly and soldierly activites / _cedited by Ananda Bhattacharyya |
||
| 260 |
_aNew Delhi _bKunal Books _c2014 |
||
| 270 |
_bNew Delhi _e110002 _a4648/21, First Floor, Ansari Road, Daryaganj |
||
| 300 |
_avii,196p. _c23cm(Hb) |
||
| 500 | _aIncludes index | ||
| 700 | _aBhattacharyya, Ananda | ||
| 942 |
_2ddc _cEN _mDAS _h230.35 |
||
| 999 |
_c89849 _d89849 |
||